La cerámica griega
Saved in:
| Hovedforfatter: | |
|---|---|
| Format: | Bog |
| Sprog: | spansk |
| Udgivet: |
Buenos Aires
General Fabril
1962
|
| Serier: | Los Libros del Mirasol, 96
|
| Fag: | |
| Tags: |
Tilføj Tag
Ingen Tags, Vær først til at tagge denne postø!
|
MARC
| LEADER | 00000cam a2200000 a 4500 | ||
|---|---|---|---|
| 001 | UCP9850 | ||
| 003 | CL-VaPUC | ||
| 008 | 000407e19620000AG |||||||||||||||||spa|d | ||
| 082 | 0 | 4 | |a 738.0938 |b MET |2 21 |
| 100 | |a Metzger, Henri |e autor |9 440727 | ||
| 245 | 1 | 3 | |a La cerámica griega |
| 300 | |a 140 p | ||
| 942 | |c BK | ||
| 945 | |d 20000407 00:00:00 |a crobeson | ||
| 260 | |a Buenos Aires |b General Fabril |c 1962 | ||
| 650 | 7 | |a CERAMICA ANTIGUA |2 CL-VaPUC |9 330575 | |
| 650 | 0 | |a Arte griego |9 267884 | |
| 650 | 7 | |a PINTURA GRIEGA |2 CL-VaPUC |9 268515 | |
| 583 | |a last modification |c 20120320 03:08:36 |k Rodrigo Vera | ||
| 490 | 0 | |a Los Libros del Mirasol, 96 | |
| 999 | |c 286631 |d 286629 | ||
| 952 | |0 0 |1 0 |4 0 |6 738_093800000000000_MET_1962 |7 0 |8 X |9 332668 |a BIBHIS |b BIBHIS |d 2019-11-20 |i 1398660 |o 738.0938 MET 1962 |p 1398660 |r 2024-01-30 |w 2019-11-20 |y BK_X |k HIS | ||
| 952 | |0 0 |1 0 |4 0 |6 738_093800000000000_MET_1962 |7 0 |8 A |9 332669 |a BIBART |b BIBART |d 2019-11-20 |i 4807294 |l 3 |o 738.0938 MET 1962 |p 4807294 |r 2025-03-13 |s 2024-03-27 |w 2019-11-20 |y BK |k ART | ||
| 952 | |0 0 |1 0 |3 erd |4 0 |6 738_093800000000000_MET_1962 |7 0 |8 A |9 332670 |a BIBART |b BIBART |d 2019-11-20 |i 5005701 |o 738.0938 MET 1962 |p 5005701 |r 2025-03-13 |w 2019-11-20 |y BK |z Catalogado en:20131004 |k ART | ||